000 01093nam a2200229Ia 4500
003 Ost
005 20260507075352.0
008 260507s9999||||xx |||||||||||||| ||und||
020 _a65223509779
040 _cfsecg
041 _aara
082 _a330
100 _aبوراس، أحمد
_eمؤلف
245 0 _aأعمال الصيرفة الالكترونية :
_bالأدوات و المخاطر /
_c أحمد بوراس
260 _aالقاهرة:
_bدار الكتاب الحديث,
_c2014
300 _a341 صفحة؛
_bإيضاحات ؛
_c24 سم
520 _aالعمليات التجارية الالكترونية- ماهية الصيرفة الالكترونية- بنوك الانترنت، الاتجاهات، التحديات والفروض- الصيرفة الالكترونية واستخدام النقود الالكترونية- مخاطر الصيرفة الالكترونية
653 _aالأجهزة الإلكترونية
653 _aالعمليات المصرفية
700 _aبريكة، السعيد
_eمؤلف ثانوي
942 _cكتاب
999 _c44149
_d44149